000 01248nam0a22003131 4500
001 rc\3023866
005 20250805160813.4
035 _a(NLR Aleph) 007165601
090 _a7293633
_c7293633
100 _a20110928d1941 |||y0rusy50 ca
101 1 _arus
_ceng
102 _aRU
105 _aa z |||||
200 1 _aЛабораторная техника в органической химии
_fПер. с англ. А.Л. Либермана
_gПод ред. Н.Д. Зелинского
210 _aМосква
_aЛенинград
_cГосхимиздат
_d1941
_eЛенинград
215 _a228 с.
_cил., черт.
_d22 см
300 _aНа обороте тит. л.: Organic, chemistry in laboratory technique by Avery Adrian Morton
320 _aПредм. указатель: с. 215-28
320 _aБиблиогр. в конце глав
700 1 _aМортон
_bЭ. А.
_gЭйвери Адриан
702 1 _aЛиберман
_bА. Л.
_4730
702 1 _aЗелинский
_bН. Д.
_4340
801 0 _aRU
_bNLR
_gpsbo
801 1 _aRU
_bELAR
_2rusmarc
852 _aNLR
_jХ02 Г-5/17
942 _cBOOK
945 _aРоссийская национальная библиотека
980 _aNB
980 _aBV